Painting and Sculpture In Europe 1780-1880 (Record no. 240172)

MARC details
000 -LEADER
fixed length control field 00328pam a2200133 a 4500
020 ## - INTERNATIONAL STANDARD BOOK NUMBER
Terms of availability
041 ## - LANGUAGE CODE
Language code of original
082 ## - DEWEY DECIMAL CLASSIFICATION NUMBER
Classification number 750
Item number NOV
100 ## - MAIN ENTRY--PERSONAL NAME
Personal name Fritz Novothy.
245 ## - TITLE STATEMENT
Title Painting and Sculpture In Europe 1780-1880
Medium Textual Documents
260 ## - PUBLICATION, DISTRIBUTION, ETC.
Place of publication, distribution, etc. [s.l]:
Name of publisher, distributor, etc. Penguin Books Ltd,
Date of publication, distribution, etc. 1989.
300 ## - PHYSICAL DESCRIPTION
Extent 483:
Other physical details paper.
930 ## - EQUIVALENCE OR CROSS-REFERENCE-UNIFORM TITLE HEADING [LOCAL, CANADA]
Uniform title 6382
Holdings
Withdrawn status Lost status Damaged status Not for loan Collection Home library Current library Date acquired Source of acquisition Cost, normal purchase price Total Checkouts Full call number Barcode Date last seen Date last checked out Copy number Price effective from Koha item type
          College of Fine Arts, Pune College of Fine Arts, Pune 17/12/2011 Bhararti Sahakari Grahak Bhandar 1497.60 1 750 NOV FAP-6741 13/12/2024 04/12/2024 1 07/03/2023 Book